Southville International School and Colleges
Your cart is empty.
  • Cart
  • Lists
    Public lists Eva Luna New books Lux_list list_1
    Your lists Log in to create your own lists
  • Log in to your account
  • Your cookies
  • Search history
Southville International School and Colleges
  • Advanced search
  • Recent comments
  • Most popular
  • Libraries

Log in to your account

Log in with GOOGLE


If you do not have an external account, but do have a local account, you can still log in:

  1. Home
  2. MARC view: A new history of Southeast Asia /
Normal view MARC view ISBD view

A new history of Southeast Asia / (Record no. 613)

[ view plain ]
MARC details
000 -LEADER
fixed length control field 01340cam a2200373 a 4500
001 - CONTROL NUMBER
control field 16602889
003 - CONTROL NUMBER IDENTIFIER
control field OSt
005 - DATE AND TIME OF LATEST TRANSACTION
control field 20140310181634.0
008 - FIXED-LENGTH DATA ELEMENTS--GENERAL INFORMATION
fixed length control field 110107s2010 enkab b 001 0 eng
010 ## - LIBRARY OF CONGRESS CONTROL NUMBER
LC control number 2011000351
015 ## - NATIONAL BIBLIOGRAPHY NUMBER
National bibliography number GBB075012
Source bnb
016 7# - NATIONAL BIBLIOGRAPHIC AGENCY CONTROL NUMBER
Record control number 015583162
Source Uk
020 ## - INTERNATIONAL STANDARD BOOK NUMBER
International Standard Book Number 9780230212145 (pbk. : alk. paper)
020 ## - INTERNATIONAL STANDARD BOOK NUMBER
International Standard Book Number 023021214X (pbk. : alk. paper)
020 ## - INTERNATIONAL STANDARD BOOK NUMBER
International Standard Book Number 9780230212138 (hardback : alk. paper)
020 ## - INTERNATIONAL STANDARD BOOK NUMBER
International Standard Book Number 0230212131 (hardback : alk. paper)
035 ## - SYSTEM CONTROL NUMBER
System control number (OCoLC)ocn695860312
040 ## - CATALOGING SOURCE
Original cataloging agency DLC
Transcribing agency DLC
Modifying agency YDX
-- YDXCP
-- CDX
-- UKM
-- BTCTA
-- SINLB
-- PUL
-- SNK
-- VP@
-- DLC
042 ## - AUTHENTICATION CODE
Authentication code pcc
043 ## - GEOGRAPHIC AREA CODE
Geographic area code as-----
050 00 - LIBRARY OF CONGRESS CALL NUMBER
Classification number DS 525
Item number .N532 2010
082 00 - DEWEY DECIMAL CLASSIFICATION NUMBER
Classification number TR 959
Item number N47 2010
245 02 - TITLE STATEMENT
Title A new history of Southeast Asia /
Statement of responsibility, etc M.C. Ricklefs ... [et al.] ; edited by M.C. Ricklefs.
260 ## - PUBLICATION, DISTRIBUTION, ETC. (IMPRINT)
Place of publication, distribution, etc Houndmills, Basingstoke, Hampshire ;
-- New York :
Name of publisher, distributor, etc Palgrave Macmillan,
Date of publication, distribution, etc 2010.
300 ## - PHYSICAL DESCRIPTION
Extent 536 p. :
Other physical details ill., maps ;
Dimensions 24 cm.
521 ## - TARGET AUDIENCE NOTE
Target audience note
541 ## - IMMEDIATE SOURCE OF ACQUISITION NOTE
-- 1
562 ## - COPY AND VERSION IDENTIFICATION NOTE
Number of copies For circulation. One copy available in the collection.
650 ## - SUBJECT ADDED ENTRY--TOPICAL TERM
Topical term or geographic name as entry element Southeast Asia
General subdivision History.
9 (RLIN) 1704
700 1# - ADDED ENTRY--PERSONAL NAME
Personal name Ricklefs, M. C.
Fuller form of name (Merle Calvin)
9 (RLIN) 1705
906 ## - LOCAL DATA ELEMENT F, LDF (RLIN)
a 7
b cbc
c orignew
d 1
e ecip
f 20
g y-gencatlg
942 ## - ADDED ENTRY ELEMENTS (KOHA)
Source of classification or shelving scheme Library of Congress Classification
Koha item type
Call number prefix
Holdings
Withdrawn status Lost status Source of classification or shelving scheme Damaged status Home library Current library Shelving location Date acquired Total Checkouts Full call number Barcode Date last seen Date checked out Copy number Price effective from Koha item type
    Library of Congress Classification   Luxembourg Library Luxembourg Library Teachers Reference Section 03/15/2012 2 DS 525 .N532 2010 19140 05/27/2025 02/26/2025 1 10/03/2013 Books

A new history of Southeast Asia /

APA

Ricklefs M. C., . (2010). A new history of Southeast Asia. Houndmills, Basingstoke, Hampshire: Palgrave Macmillan.

Chicago

Ricklefs M C, . 2010. A new history of Southeast Asia. Houndmills, Basingstoke, Hampshire: Palgrave Macmillan.

Harvard

Ricklefs M. C., . (2010). A new history of Southeast Asia. Houndmills, Basingstoke, Hampshire: Palgrave Macmillan.

MLA

Ricklefs M C, . A new history of Southeast Asia. Houndmills, Basingstoke, Hampshire: Palgrave Macmillan. 2010.

  • Place hold
  • Print
  • Cite
  • Add to your cart (remove)
  • Save record
    BIBTEX Dublin Core MARCXML MARC (non-Unicode/MARC-8) MARC (Unicode/UTF-8) MARC (Unicode/UTF-8, Standard) MODS (XML) RIS
  • More searches
    Search for this title in:
    Other Libraries (WorldCat) Other Databases (Google Scholar) Online Stores (Bookfinder.com) Open Library (openlibrary.org)

Exporting to Dublin Core...

SOUTHVILLE LIBRARY

Southville International School and Colleges Library

1281 Tropical Ave. Cor. Luxembourg St., BF Homes International, Las Pinas City

Tel. No. 8256374 / 252358 Loc. 117/146

Powered by Koha